000 00893nam a2200277 i 4500
001 bg
100 1 _aSZWEYKOWSKA, Alicja.
245 1 0 _aBotanika.
_nT. 2,
_pSystematyka /
_cAlicja Szweykowska, Jerzy Szweykowski.
250 _aWyd. 8.
260 _aWarszawa :
_bWydaw. Naukowe PWN,
_c2003.
300 _a636, [2] s. :
_bil. ;
_c24 cm.
504 _aBibliogr. Indeksy.
650 9 _aRośliny
_xsystematyka
655 _aPodręczniki akademickie
700 1 _aSZWEYKOWSKI, Jerzy
_d(1925- )
020 _a8301139455 (t. 2)
020 _a8301139536 (2 t.)
040 _cBPK
041 _apol
080 _a582(083.44)(075.8)
920 _a83-01-13945-5 (t. 2)
920 _a83-01-13953-6 (2 t.)
942 _cKS
008 s pl f |000 0 pol
999 _c43530
_d43530
856 _uhttp://koha.tu.koszalin.pl/cgi-bin/koha/opac-detail.pl?biblionumber=43530
_yKatalog online BPK